<?xml version="1.0" encoding="UTF-8"?>
<record
    xmlns:xsi="http://www.w3.org/2001/XMLSchema-instance"
    xsi:schemaLocation="http://www.loc.gov/MARC21/slim http://www.loc.gov/standards/marcxml/schema/MARC21slim.xsd"
    xmlns="http://www.loc.gov/MARC21/slim">

  <leader>01022nam a2200217Ia 4500</leader>
  <datafield tag="999" ind1=" " ind2=" ">
    <subfield code="c">39192</subfield>
    <subfield code="d">39192</subfield>
  </datafield>
  <controlfield tag="001">5777</controlfield>
  <controlfield tag="003">GE_BSU</controlfield>
  <controlfield tag="005">20190505232606.0</controlfield>
  <controlfield tag="008">181216s1974||||ge |||||||||||||| ||geo||</controlfield>
  <datafield tag="040" ind1=" " ind2=" ">
    <subfield code="c">GE_BSU</subfield>
  </datafield>
  <datafield tag="041" ind1=" " ind2=" ">
    <subfield code="a">geo</subfield>
  </datafield>
  <datafield tag="080" ind1=" " ind2=" ">
    <subfield code="a">621.56/.59 &#x10E0;-76</subfield>
  </datafield>
  <datafield tag="100" ind1=" " ind2=" ">
    <subfield code="a">&#x10E0;&#x10DD;&#x10D8;&#x10DC;&#x10D8;&#x10E8;&#x10D5;&#x10D8;&#x10DA;&#x10D8;, &#x10D8;.</subfield>
    <subfield code="9">672</subfield>
  </datafield>
  <datafield tag="245" ind1=" " ind2=" ">
    <subfield code="a">&#x10D5;&#x10D0;&#x10D2;&#x10DD;&#x10DC;&#x10D4;&#x10D1;&#x10D8;&#x10E1; &#x10DB;&#x10D0;&#x10EA;&#x10D8;&#x10D5;&#x10D0;&#x10E0;&#x10D8; &#x10DB;&#x10DD;&#x10EC;&#x10E7;&#x10DD;&#x10D1;&#x10D8;&#x10DA;&#x10DD;&#x10D1;&#x10D0; &#x10D3;&#x10D0; &#x10F0;&#x10D0;&#x10D4;&#x10E0;&#x10D8;&#x10E1; &#x10D9;&#x10DD;&#x10DC;&#x10D3;&#x10D8;&#x10EA;&#x10D8;&#x10E0;&#x10D4;&#x10D1;&#x10D0; :</subfield>
    <subfield code="b">&#x10E1;&#x10D0;&#x10EE;&#x10D4;&#x10DA;&#x10DB;&#x10EB;&#x10E6;&#x10D5;. /</subfield>
    <subfield code="c">&#x10D8;. &#x10E0;&#x10DD;&#x10D8;&#x10DC;&#x10D8;&#x10E8;&#x10D5;&#x10D8;&#x10DA;&#x10D8; ; &#x10E0;&#x10D4;&#x10D3;.&#x10D4;.&#x10EB;&#x10DC;&#x10D4;&#x10DA;&#x10D0;&#x10EB;&#x10D4;.</subfield>
  </datafield>
  <datafield tag="264" ind1=" " ind2=" ">
    <subfield code="a">&#x10D7;&#x10D1;&#x10D8;&#x10DA;&#x10D8;&#x10E1;&#x10D8; :</subfield>
    <subfield code="b">&#x10D2;&#x10D0;&#x10DC;&#x10D0;&#x10D7;&#x10DA;&#x10D4;&#x10D1;&#x10D0;,</subfield>
    <subfield code="c">1974.</subfield>
  </datafield>
  <datafield tag="300" ind1=" " ind2=" ">
    <subfield code="a">256 &#x10D2;&#x10D5;. ;</subfield>
    <subfield code="c">27 &#x10E1;&#x10DB;.</subfield>
  </datafield>
  <datafield tag="504" ind1=" " ind2=" ">
    <subfield code="a">;&#x10D1;&#x10D8;&#x10D1;&#x10DA;&#x10D8;&#x10DD;&#x10D2;&#x10E0;. : &#x10D2;&#x10D5;.252.</subfield>
  </datafield>
  <datafield tag="653" ind1=" " ind2=" ">
    <subfield code="a">&#x10D5;&#x10D0;&#x10D2;&#x10DD;&#x10DC;&#x10D4;&#x10D1;&#x10D8;&#x10E1; &#x10DB;&#x10D0;&#x10EA;&#x10D8;&#x10D5;&#x10D0;&#x10E0;&#x10D8; &#x10DB;&#x10DD;&#x10EC;&#x10E7;&#x10DD;&#x10D1;&#x10D8;&#x10DA;&#x10DD;&#x10D1;&#x10D0; &#x10D3;&#x10D0; &#x10F0;&#x10D0;&#x10D4;&#x10E0;&#x10D8;&#x10E1; &#x10D9;&#x10DD;&#x10DC;&#x10D3;&#x10D8;&#x10EA;&#x10D8;&#x10E0;&#x10D4;&#x10D1;&#x10D0;</subfield>
  </datafield>
  <datafield tag="700" ind1=" " ind2=" ">
    <subfield code="a">&#x10EB;&#x10DC;&#x10D4;&#x10DA;&#x10D0;&#x10EB;&#x10D4;, &#x10D4;.</subfield>
    <subfield code="e">&#x10E0;&#x10D4;&#x10D3;&#x10D0;&#x10E5;&#x10E2;&#x10DD;&#x10E0;&#x10D8;</subfield>
    <subfield code="9">720</subfield>
  </datafield>
  <datafield tag="942" ind1=" " ind2=" ">
    <subfield code="c">BK</subfield>
    <subfield code="2">udc</subfield>
  </datafield>
  <datafield tag="952" ind1=" " ind2=" ">
    <subfield code="0">0</subfield>
    <subfield code="1">0</subfield>
    <subfield code="2">udc</subfield>
    <subfield code="4">0</subfield>
    <subfield code="6">6215659_&#x10E0;76</subfield>
    <subfield code="7">0</subfield>
    <subfield code="9">41907</subfield>
    <subfield code="a">SPL</subfield>
    <subfield code="b">SPL</subfield>
    <subfield code="c">GEN</subfield>
    <subfield code="d">2018-12-17</subfield>
    <subfield code="g">1.82</subfield>
    <subfield code="o">621.56/.59 &#x10E0;-76</subfield>
    <subfield code="p">11698</subfield>
    <subfield code="r">2018-12-17</subfield>
    <subfield code="t">11698</subfield>
    <subfield code="w">2018-12-17</subfield>
    <subfield code="y">BK</subfield>
    <subfield code="z">1.82 &#x10DA;.</subfield>
  </datafield>
  <datafield tag="952" ind1=" " ind2=" ">
    <subfield code="0">0</subfield>
    <subfield code="1">0</subfield>
    <subfield code="2">udc</subfield>
    <subfield code="4">0</subfield>
    <subfield code="6">6215659_&#x10E0;76</subfield>
    <subfield code="7">0</subfield>
    <subfield code="9">41908</subfield>
    <subfield code="a">SPL</subfield>
    <subfield code="b">SPL</subfield>
    <subfield code="c">GEN</subfield>
    <subfield code="d">2018-12-17</subfield>
    <subfield code="g">1.82</subfield>
    <subfield code="o">621.56/.59 &#x10E0;-76</subfield>
    <subfield code="p">11699</subfield>
    <subfield code="r">2018-12-17</subfield>
    <subfield code="t">11699</subfield>
    <subfield code="w">2018-12-17</subfield>
    <subfield code="y">BK</subfield>
    <subfield code="z">1.82 &#x10DA;.</subfield>
  </datafield>
  <datafield tag="952" ind1=" " ind2=" ">
    <subfield code="0">0</subfield>
    <subfield code="1">0</subfield>
    <subfield code="2">udc</subfield>
    <subfield code="4">0</subfield>
    <subfield code="6">6215659_&#x10E0;76</subfield>
    <subfield code="7">0</subfield>
    <subfield code="9">41909</subfield>
    <subfield code="a">SPL</subfield>
    <subfield code="b">SPL</subfield>
    <subfield code="c">GEN</subfield>
    <subfield code="d">2018-12-17</subfield>
    <subfield code="g">1.82</subfield>
    <subfield code="o">621.56/.59 &#x10E0;-76</subfield>
    <subfield code="p">11700</subfield>
    <subfield code="r">2018-12-17</subfield>
    <subfield code="t">11700</subfield>
    <subfield code="w">2018-12-17</subfield>
    <subfield code="y">BK</subfield>
    <subfield code="z">1.82 &#x10DA;.</subfield>
  </datafield>
  <datafield tag="952" ind1=" " ind2=" ">
    <subfield code="0">0</subfield>
    <subfield code="1">0</subfield>
    <subfield code="2">udc</subfield>
    <subfield code="4">0</subfield>
    <subfield code="6">6215659_&#x10E0;76</subfield>
    <subfield code="7">0</subfield>
    <subfield code="9">41910</subfield>
    <subfield code="a">SPL</subfield>
    <subfield code="b">SPL</subfield>
    <subfield code="c">GEN</subfield>
    <subfield code="d">2018-12-17</subfield>
    <subfield code="g">1.82</subfield>
    <subfield code="o">621.56/.59 &#x10E0;-76</subfield>
    <subfield code="p">11701</subfield>
    <subfield code="r">2018-12-17</subfield>
    <subfield code="t">11701</subfield>
    <subfield code="w">2018-12-17</subfield>
    <subfield code="y">BK</subfield>
    <subfield code="z">1.82 &#x10DA;.</subfield>
  </datafield>
  <datafield tag="952" ind1=" " ind2=" ">
    <subfield code="0">0</subfield>
    <subfield code="1">0</subfield>
    <subfield code="2">udc</subfield>
    <subfield code="4">0</subfield>
    <subfield code="6">6215659_&#x10E0;76</subfield>
    <subfield code="7">0</subfield>
    <subfield code="9">41911</subfield>
    <subfield code="a">SPL</subfield>
    <subfield code="b">SPL</subfield>
    <subfield code="c">GEN</subfield>
    <subfield code="d">2018-12-17</subfield>
    <subfield code="g">1.82</subfield>
    <subfield code="o">621.56/.59 &#x10E0;-76</subfield>
    <subfield code="p">11702</subfield>
    <subfield code="r">2018-12-17</subfield>
    <subfield code="t">11702</subfield>
    <subfield code="w">2018-12-17</subfield>
    <subfield code="y">BK</subfield>
    <subfield code="z">1.82 &#x10DA;.</subfield>
  </datafield>
</record>
